Sink or Float? (Fruit) Quiz Stats

Quiz Updated Apr 17, 2012

All fruits are regular fruits containing their stones or inside their skins.
Score 0/18 Timer 03:00
7 Plays Today
Fruit Sink (S) or Float (F) % Correct
Apple???
78.7%
Coconut???
71.9%
Cranberry???
71%
Kiwi???
61.3%
Cherry???
61%
Plum???
60%
Pear???
59.7%
Watermelon???
57.5%
Orange???
56.8%
Fruit Sink (S) or Float (F) % Correct
Peach???
56.5%
Lemon???
51.2%
Tomato???
50.7%
Strawberry???
50.6%
Grape???
49.2%
Pumpkin???
43.5%
Banana???
39.4%
Pineapple???
37.4%
Lime???
30.3%

You're not logged in!

Compare scores with friends on all Sporcle quizzes.
Sign Up with Email
OR
Log In

You Might Also Like...

Show Comments

Extras

Top Quizzes Today


Score Distribution

Your Account Isn't Verified!

In order to create a playlist on Sporcle, you need to verify the email address you used during registration. Go to your Sporcle Settings to finish the process.